000 00679nas a2200241 4500
001 BR5900081
003 BR-BrBNA
005 20231205082019.0
007 ta
008 230509b bl.|||p| |||| 00| 00por d
040 _aBR-BrBNA
_bpor
_cBiblioteca Nacional de Agricultura
041 _a(Pt)
072 _aE15; D50
100 1 _aGredilha, A.
245 1 _aComentarios a lei brasileira de cooperativas
_bpt. 1
650 _aMicroeconomia
650 _aLegislacao
650 _aCooperativa
650 _aLei
773 0 _tSul - Coop. Cooperativismo (Brazil)
_x
_g(Sep 1959), v. 10(58) p. 11-14
_wBR5900081
909 _a202311
_bLúcia
_c55
_dLúcia Elande
942 _2AGRIS
_n0
_cANA
999 _c88551
_d88551